Months of the year:Norwegian - Statistics

General Stats
  • This quiz has been taken 17 times
  • The average score is 8 of 11
Answer Stats
Hint Answer % Correct
January Januar
100%
April April
92%
February Februar
92%
August Juli
92%
July Juni
92%
March Mars
92%
September August
67%
June Mai
58%
November November
58%
October September
58%
December Desember
42%
No matching quizzes found
Score Distribution
Percent of People with Each Score
Percentile by Number Answered
Your Score History
You have not taken this quiz